Plant-cast precast and prestressed concrete / (Record no. 1388)
[ view plain ]
| 000 -LEADER | |
|---|---|
| fixed length control field | 00384 a2200121 4500 |
| 020 ## - INTERNATIONAL STANDARD BOOK NUMBER | |
| International Standard Book Number | 0070567603 |
| 082 ## - DEWEY DECIMAL CLASSIFICATION NUMBER | |
| Classification number | 624.18341 PHI |
| 100 ## - MAIN ENTRY--PERSONAL NAME | |
| Personal name | Phillips,W.R. |
| 245 ## - TITLE STATEMENT | |
| Title | Plant-cast precast and prestressed concrete / |
| Statement of responsibility, etc. | William R. Phillips,David A. Sheppard, |
| 260 ## - PUBLICATION, DISTRIBUTION, ETC. | |
| Place of publication, distribution, etc. | New York : |
| Name of publisher, distributor, etc. | McGraw-Hill, |
| Date of publication, distribution, etc. | c1989. |
| 300 ## - PHYSICAL DESCRIPTION | |
| Extent | viii, 791 p. : |
| Other physical details | ill. ; |
| Dimensions | 24 cm. |
| 650 ## - SUBJECT ADDED ENTRY--TOPICAL TERM | |
| Topical term or geographic name entry element | Precast concrete. |
| 650 ## - SUBJECT ADDED ENTRY--TOPICAL TERM | |
| Topical term or geographic name entry element | Prestressed concrete. |
| Withdrawn status | Lost status | Damaged status | Not for loan | Permanent Location | Current Location | Shelving location | Date acquired | Total Checkouts | Total Renewals | Full call number | Barcode | Date last seen | Date last checked out | Price effective from | Koha item type |
|---|---|---|---|---|---|---|---|---|---|---|---|---|---|---|---|
| School of Civil and Environmental Engineering (SCEE) | School of Civil and Environmental Engineering (SCEE) | 1 | 1 | 624.18341 PHI | NIT-2521 | 10/19/2020 | 01/29/2020 | 01/05/2017 | Book |
